Szczegóły MARC21

Bahnwärter Thiel : novellistische Studie /

003 -Nazwa inst., której nr kontr. jest w polu 001 [,]
    • @
    • Nazwa instytucji, której n kontrolny jest w polu 001
    • NUKAT
005 -DATA I CZAS OSTATNIEJ MODYFIKACJI [,]
    • @
    • pole kontrolne
    • 20241231090028.0
020 -Międzynarod. znormalizowany nr książki - ISBN [ , ]
    • a
    • Numer ISBN
    • 3150066174 Find
040 -Instytucja sporządzająca opis [ , ]
    • a
    • Instytucja, która sporządziła opis (NP)
    • NUKAT
    • c
    • Instytucja, która sporządziła rekord (NP)
    • POZN U/LB DP
    • d
    • Instytucja, która zmodyfikowała rekord (P)
    • POZN U/KK
942 -Rodzaj dokumentu [ , ]
    • c
    • Rodzaj dokumentu
    • Książka
100 -Hasło główne - nazwa osobowa [1, ]
    • a
    • Nazwa osobowa (NP)
    • Hauptmann, Gerhart
    • d
    • Daty biograficzne (NP)
    • (1862-1946).
    • 9
    • KHW
    • 37278
240 -Tytuł ujednolicony [1,0]
    • a
    • Tytuł ujednolicony
    • Bahnwärter Thiel
    • l
    • Język tekstu
    • (niem.)
    • 9
    • KHW
    • 421524
245 -Strefa tytułu i oznaczenia odpowiedzialności [1,0]
    • a
    • Tytuł
    • Bahnwärter Thiel : Find
    • b
    • Ciąg dalszy tytułu (NP)
    • novellistische Studie / Find
    • c
    • Pozostałe elementy strefy tytułu i oznaczenia odpowiedzialności (NP)
    • Gerhart Hauptmann ; Nachw. von Fritz Martini.
260 -Strefa adresu wydawniczego [ , ]
    • a
    • Miejsce wydania (P)
    • Stuttgart :
    • b
    • Nazwa wydawcy (P)
    • P. Reclam jun.,
    • c
    • Data wydania (P)
    • 2001.
300 -Strefa opisu fizycznego [ , ]
    • a
    • Określenie formy książki i/lub objętość (NP)
    • 55 s. ;
    • c
    • Format (NP)
    • 15 cm.
490 -Strefa serii i książki wielotomowej - forma nie do wyszukiwania [1, ]
    • a
    • Tytuł (P)
    • Universal-Bibliothek ; Find
    • v
    • Numeracja (P)
    • Nr. 6617
830 -Hasło dodatkowe serii i opisu książki wielotomowej - tytuł ujednolicony/tytuł [ ,0]
    • a
    • Tytuł ujednolicony/tytuł (NP)
    • Reclams Universal-Bibliothek
    • x
    • ISSN
    • 0722-8511
    • v
    • Oznaczenie tomu (NP)
    • Nr. 6617
    • 9
    • KHW
    • 12680
700 -Hasło dodatkowe - nazwa osobowa [1, ]
    • a
    • Nazwa osobowa (NP)
    • Martini, Fritz Find
    • d
    • Daty biograficzne (NP)
    • (1909-1991).
    • e
    • Określenie rodzaju współpracy
    • Posł.
    • 9
    • KHW
    • 99690
920 -ISBN [ , ]
    • a
    • ISBN
    • 3-15-006617-4 Find
Sygnatura Numer inwentarzowy Status udost. Lokalizacja Data inwentaryzacji
Germ. Opowiadania niemieckieG.10523-3BM1997-01-01